Countries Closest to Russia by Continent - Statistics

General Stats
  • This quiz has been taken 1,061 times
    1,018 since last reset
  • The average score is 28 of 34
Answer Stats
Answer % Correct
United States
98%
Canada
97%
China
96%
Mexico
95%
Kazakhstan
94%
Egypt
93%
Mongolia
93%
Ukraine
92%
Estonia
91%
Latvia
91%
Belarus
90%
Finland
90%
Libya
89%
Lithuania
89%
Brazil
88%
North Korea
86%
Poland
86%
Colombia
85%
Sudan
84%
Venezuela
84%
Georgia
83%
Norway
83%
Tunisia
83%
Guyana
82%
Algeria
81%
Suriname
81%
Azerbaijan
79%
Cuba
79%
Bahamas
73%
Federated States of Micronesia
65%
Palau
65%
Marshall Islands
59%
Nauru
57%
Papua New Guinea
55%
No matching quizzes found
Score Distribution
Percent of People with Each Score
Percentile by Number Answered
Your Score History
You have not taken this quiz since the last reset